B55_東京から見て西南西にある市区町村 - Statistics

General Stats
  • This quiz has been taken 6 times
  • The average score is 362 of 587
Answer Stats
東京
からの
方位角
東京
からの
距離
都道府県 種類 市区町村名 % Correct
239.9 13.1 東京都 狛江市
100%
245.7 32.9 神奈川県 相模原市
100%
256.2 444.3 兵庫県 明石市
100%
248.4 518.2 徳島県 那賀町
100%
255.4 537.5 香川県 高松市
100%
249.1 613.4 高知県 高知市
100%
255.5 638.9 愛媛県 今治市
100%
254.1 667.5 愛媛県 松山市
100%
256.7 841.5 福岡県 赤村
100%
255.4 904.4 佐賀県 佐賀市
100%
252.0 15.5 東京都 調布市
75%
254.9 24.1 東京都 多摩市
75%
238.9 45.3 神奈川県 清川村
75%
253.3 63.4 山梨県 道志村
75%
257.9 74.0 山梨県 都留市
75%
240.5 74.8 静岡県 小山町
75%
256.6 79.8 山梨県 西桂町
75%
251.8 81.8 山梨県 忍野村
75%
238.7 81.8 静岡県 御殿場市
75%
247.9 82.6 山梨県 山中湖村
75%
254.5 84.3 山梨県 富士吉田市
75%
256.0 88.7 山梨県 富士河口湖町
75%
237.9 110.4 静岡県 富士市
75%
242.2 111.3 静岡県 富士宮市
75%
258.0 117.0 山梨県 身延町
75%
246.0 121.3 山梨県 南部町
75%
256.0 125.5 山梨県 早川町
75%
236.8 144.1 静岡県 静岡市
75%
244.5 163.9 静岡県 川根本町
75%
257.1 176.1 長野県 阿南町
75%
237.0 186.1 静岡県 掛川市
75%
240.0 187.6 静岡県 森町
75%
251.9 190.1 愛知県 豊根村
75%
237.6 192.8 静岡県 袋井市
75%
256.4 198.6 長野県 根羽村
75%
237.8 200.4 静岡県 磐田市
75%
251.7 204.7 愛知県 設楽町
75%
239.4 210.5 静岡県 浜松市
75%
246.9 219.1 愛知県 新城市
75%
241.9 225.4 静岡県 湖西市
75%
246.3 232.6 愛知県 豊川市
75%
244.7 234.1 愛知県 豊橋市
75%
254.4 241.2 愛知県 豊田市
75%
251.1 244.3 愛知県 岡崎市
75%
247.7 245.6 愛知県 蒲郡市
75%
257.6 247.6 愛知県 長久手市
75%
255.1 248.0 愛知県 みよし市
75%
249.0 248.5 愛知県 幸田町
75%
243.6 249.6 愛知県 田原市
75%
255.4 249.8 愛知県 東郷町
75%
256.3 249.9 愛知県 日進市
75%
251.9 252.1 愛知県 安城市
75%
253.1 253.1 愛知県 知立市
75%
249.8 257.4 愛知県 西尾市
75%
253.1 257.7 愛知県 刈谷市
75%
258.2 260.2 愛知県 名古屋市
75%
253.1 261.3 愛知県 東浦町
75%
250.8 262.3 愛知県 碧南市
75%
254.5 265.2 愛知県 東海市
75%
251.3 266.8 愛知県 半田市
75%
252.4 267.2 愛知県 阿久比町
75%
254.1 269.4 愛知県 知多市
75%
250.6 270.4 愛知県 武豊町
75%
256.4 273.2 愛知県 飛島村
75%
252.0 273.8 愛知県 常滑市
75%
249.1 273.9 愛知県 美浜町
75%
247.5 274.9 愛知県 南知多町
75%
258.3 276.8 愛知県 愛西市
75%
257.4 278.2 愛知県 弥富市
75%
256.6 278.6 三重県 木曽岬町
75%
256.6 283.2 三重県 桑名市
75%
255.8 285.2 三重県 川越町
75%
256.0 285.7 三重県 朝日町
75%
254.8 291.4 三重県 四日市市
75%
257.3 291.7 三重県 東員町
75%
243.5 293.4 三重県 鳥羽市
75%
253.3 297.7 三重県 鈴鹿市
75%
240.8 302.9 三重県 志摩市
75%
244.8 304.0 三重県 伊勢市
75%
246.5 308.2 三重県 明和町
75%
253.5 310.1 三重県 亀山市
75%
250.5 310.6 三重県 津市
75%
242.3 311.6 三重県 南伊勢町
75%
247.8 314.8 三重県 松阪市
75%
246.1 317.1 三重県 多気町
75%
257.6 323.1 滋賀県 日野町
75%
256.9 331.5 滋賀県 甲賀市
75%
245.3 333.5 三重県 大台町
75%
244.7 334.6 三重県 大紀町
75%
253.1 340.7 三重県 伊賀市
75%
251.2 348.2 三重県 名張市
75%
242.8 348.7 三重県 紀北町
75%
248.5 349.2 奈良県 御杖村
75%
252.4 351.7 奈良県 山添村
75%
254.2 352.8 京都府 南山城村
75%
254.3 357.9 京都府 笠置町
75%
255.0 359.8 京都府 和束町
75%
256.0 361.4 京都府 宇治田原町
75%
250.4 365.6 奈良県 宇陀市
75%
256.9 366.3 京都府 宇治市
75%
255.5 367.5 京都府 井手町
75%
241.7 368.1 三重県 尾鷲市
75%
256.5 368.9 京都府 城陽市
75%
254.4 369.1 京都府 木津川市
75%
248.3 369.6 奈良県 東吉野村
75%
255.9 371.2 京都府 京田辺市
75%
253.6 372.2 奈良県 奈良市
75%
252.1 372.7 奈良県 天理市
75%
258.4 373.4 京都府 向日市
75%
247.4 373.7 奈良県 川上村
75%
257.1 374.7 京都府 八幡市
75%
250.8 375.3 奈良県 桜井市
75%
253.2 375.5 奈良県 大和郡山市
75%
257.7 375.6 京都府 大山崎町
75%
251.6 377.9 奈良県 田原本町
75%
257.4 378.4 大阪府 島本町
75%
252.2 378.6 奈良県 川西町
75%
252.0 379.1 奈良県 三宅町
75%
248.8 379.2 奈良県 吉野町
75%
252.6 379.3 奈良県 安堵町
75%
255.8 379.7 大阪府 交野市
75%
250.2 379.9 奈良県 明日香村
75%
250.9 380.0 奈良県 橿原市
75%
244.0 380.0 奈良県 上北山村
75%
254.2 381.1 奈良県 生駒市
75%
252.8 381.5 奈良県 斑鳩町
75%
256.4 381.5 大阪府 枚方市
75%
257.0 383.5 大阪府 高槻市
75%
252.6 384.1 奈良県 王寺町
75%
251.3 384.5 奈良県 大和高田市
75%
255.2 384.8 大阪府 四條畷市
75%
255.7 385.0 大阪府 寝屋川市
75%
249.1 385.2 奈良県 大淀町
75%
239.8 385.8 三重県 熊野市
75%
250.5 386.3 奈良県 御所市
75%
250.9 386.4 奈良県 葛城市
75%
246.5 386.6 奈良県 天川村
75%
251.9 386.7 奈良県 香芝市
75%
254.8 387.1 大阪府 大東市
75%
256.7 388.7 大阪府 茨木市
75%
254.4 390.2 大阪府 東大阪市
75%
256.1 390.4 大阪府 摂津市
75%
242.4 390.7 奈良県 下北山村
75%
252.7 391.4 大阪府 柏原市
75%
255.5 391.8 大阪府 守口市
75%
251.8 392.0 大阪府 太子町
75%
253.6 392.0 大阪府 八尾市
75%
258.6 392.3 大阪府 豊能町
75%
241.3 393.6 和歌山県 北山村
75%
252.5 394.1 大阪府 羽曳野市
75%
239.1 394.2 三重県 御浜町
75%
252.8 394.3 大阪府 藤井寺市
75%
251.4 394.6 大阪府 河南町
75%
249.1 394.7 奈良県 五條市
75%
256.0 394.9 大阪府 吹田市
75%
251.1 396.3 大阪府 千早赤阪村
75%
257.2 397.0 大阪府 箕面市
75%
251.7 397.1 大阪府 富田林市
75%
253.1 398.1 大阪府 松原市
75%
255.0 398.4 大阪府 大阪市
75%
252.0 400.5 大阪府 大阪狭山市
75%
257.3 400.8 大阪府 池田市
75%
257.4 401.6 兵庫県 川西市
75%
251.2 401.6 大阪府 河内長野市
75%
238.3 402.2 三重県 紀宝町
75%
258.6 403.4 兵庫県 猪名川町
75%
238.3 404.1 和歌山県 新宮市
75%
248.9 404.1 和歌山県 橋本市
75%
253.3 404.2 大阪府 堺市
75%
256.8 404.4 兵庫県 伊丹市
75%
243.3 404.6 奈良県 十津川村
75%
256.0 405.5 兵庫県 尼崎市
75%
257.2 407.5 兵庫県 宝塚市
75%
246.7 408.6 奈良県 野迫川村
75%
248.8 409.0 和歌山県 九度山町
75%
252.7 409.7 大阪府 高石市
75%
247.6 410.2 和歌山県 高野町
75%
256.3 411.0 兵庫県 西宮市
75%
252.2 412.7 大阪府 和泉市
75%
252.6 413.0 大阪府 泉大津市
75%
249.2 413.5 和歌山県 かつらぎ町
75%
237.5 414.2 和歌山県 那智勝浦町
75%
252.4 414.5 大阪府 忠岡町
75%
256.3 414.7 兵庫県 芦屋市
75%
237.0 416.0 和歌山県 太地町
75%
252.2 418.1 大阪府 岸和田市
75%
251.4 421.7 大阪府 熊取町
75%
251.6 424.0 大阪府 泉佐野市
75%
256.1 425.3 兵庫県 神戸市
75%
249.5 426.6 和歌山県 紀の川市
75%
251.6 427.6 大阪府 田尻町
75%
237.2 429.7 和歌山県 古座川町
75%
251.3 430.2 大阪府 泉南市
75%
249.6 431.6 和歌山県 岩出市
75%
251.3 433.4 大阪府 阪南市
75%
236.8 434.8 和歌山県 串本町
75%
248.4 435.8 和歌山県 紀美野町
75%
258.3 440.3 兵庫県 三木市
75%
248.6 442.0 和歌山県 海南市
75%
251.2 443.5 大阪府 岬町
75%
249.9 444.6 和歌山県 和歌山市
75%
257.9 448.5 兵庫県 稲美町
75%
247.4 448.6 和歌山県 有田川町
75%
241.7 449.9 和歌山県 上富田町
75%
242.4 451.3 和歌山県 田辺市
75%
247.2 452.0 和歌山県 湯浅町
75%
239.6 453.1 和歌山県 すさみ町
75%
243.3 454.4 和歌山県 みなべ町
75%
258.2 454.7 兵庫県 加古川市
75%
248.2 454.8 和歌山県 有田市
75%
242.0 457.4 和歌山県 白浜町
75%
245.7 458.2 和歌山県 日高川町
75%
253.7 458.4 兵庫県 淡路市
75%
244.4 459.9 和歌山県 印南町
75%
246.1 461.2 和歌山県 日高町
75%
245.7 462.0 和歌山県 御坊市
75%
245.8 463.4 和歌山県 美浜町
75%
252.5 463.6 兵庫県 洲本市
75%
252.4 475.5 兵庫県 南あわじ市
75%
251.5 495.0 徳島県 鳴門市
75%
251.2 499.0 徳島県 松茂町
75%
248.4 501.6 徳島県 阿南市
75%
249.6 503.7 徳島県 小松島市
75%
250.5 503.9 徳島県 徳島市
75%
251.4 506.7 徳島県 藍住町
75%
251.8 508.7 徳島県 板野町
75%
256.2 510.0 香川県 小豆島町
75%
249.1 513.6 徳島県 勝浦町
75%
253.3 513.8 香川県 東かがわ市
75%
251.7 514.6 徳島県 上板町
75%
250.1 515.4 徳島県 佐那河内村
75%
256.7 520.3 香川県 土庄町
75%
246.8 520.8 徳島県 美波町
75%
251.3 520.8 徳島県 吉野川市
75%
251.9 524.6 徳島県 阿波市
75%
249.1 524.8 徳島県 上勝町
75%
250.2 525.7 徳島県 神山町
75%
254.9 527.1 香川県 さぬき市
75%
254.3 532.4 香川県 三木町
75%
246.6 533.6 徳島県 牟岐町
75%
256.9 538.2 香川県 直島町
75%
257.4 541.6 岡山県 玉野市
75%
246.2 542.6 徳島県 海陽町
75%
252.0 547.3 徳島県 つるぎ町
75%
254.8 551.5 香川県 綾川町
75%
245.8 552.3 高知県 東洋町
75%
255.7 554.7 香川県 坂出市
75%
255.7 558.0 香川県 宇多津町
75%
252.4 558.3 徳島県 東みよし町
75%
254.4 560.7 香川県 まんのう町
75%
254.5 562.3 香川県 琴平町
75%
255.0 564.2 香川県 善通寺市
75%
255.5 565.1 香川県 多度津町
75%
252.8 569.9 徳島県 三好市
75%
247.0 570.2 高知県 馬路村
75%
254.7 572.1 香川県 三豊市
75%
244.0 575.3 高知県 室戸市
75%
246.0 576.0 高知県 北川村
75%
254.3 578.7 香川県 観音寺市
75%
245.9 579.0 高知県 奈半利町
75%
246.0 579.8 高知県 田野町
75%
258.7 580.0 岡山県 笠岡市
75%
246.2 581.5 高知県 安田町
75%
247.2 583.9 高知県 安芸市
75%
253.1 594.0 愛媛県 四国中央市
75%
250.7 594.6 高知県 大豊町
75%
248.9 598.2 高知県 香美市
75%
248.5 598.8 高知県 香南市
75%
248.8 603.3 高知県 南国市
75%
250.8 605.4 高知県 土佐町
75%
256.8 614.3 愛媛県 上島町
75%
253.7 617.8 愛媛県 新居浜市
75%
258.5 621.2 広島県 三原市
75%
248.9 625.3 高知県 土佐市
75%
249.4 627.9 高知県 日高村
75%
253.6 628.3 愛媛県 西条市
75%
249.4 636.8 高知県 佐川町
75%
249.8 638.2 高知県 越知町
75%
248.5 641.7 高知県 須崎市
75%
250.5 643.3 高知県 仁淀川町
75%
248.1 650.0 高知県 中土佐町
75%
253.3 660.0 愛媛県 東温市
75%
252.0 662.9 愛媛県 久万高原町
75%
247.4 663.1 高知県 四万十町
75%
253.2 668.6 愛媛県 砥部町
75%
253.7 674.1 愛媛県 松前町
75%
253.5 676.0 愛媛県 伊予市
75%
246.3 683.5 高知県 黒潮町
75%
251.7 689.0 愛媛県 内子町
75%
246.2 691.1 高知県 四万十市
75%
248.9 698.1 愛媛県 松野町
75%
249.3 699.1 愛媛県 鬼北町
75%
251.8 699.9 愛媛県 大洲市
75%
244.5 700.4 高知県 土佐清水市
75%
245.9 702.6 高知県 三原村
75%
250.7 708.9 愛媛県 西予市
75%
249.4 711.0 愛媛県 宇和島市
75%
251.8 712.1 愛媛県 八幡浜市
75%
246.6 713.2 高知県 宿毛市
75%
252.2 717.0 愛媛県 伊方町
75%
245.8 717.6 高知県 大月町
75%
247.2 721.7 愛媛県 愛南町
75%
252.2 791.6 大分県 大分市
75%
250.8 821.4 大分県 竹田市
75%
257.6 826.4 福岡県 苅田町
75%
257.3 827.7 福岡県 行橋市
75%
258.6 832.2 福岡県 北九州市
75%
254.4 846.2 大分県 日田市
75%
249.9 869.3 熊本県 山都町
75%
258.2 875.6 福岡県 新宮町
75%
255.7 882.2 佐賀県 鳥栖市
75%
244.7 882.5 宮崎県 綾町
75%
254.7 883.4 福岡県 広川町
75%
257.4 883.8 福岡県 福岡市
75%
255.3 884.1 福岡県 久留米市
75%
250.9 886.7 熊本県 嘉島町
75%
254.7 894.3 福岡県 大木町
75%
248.1 919.0 熊本県 球磨村
75%
254.7 928.2 佐賀県 鹿島市
75%
255.9 946.0 佐賀県 有田町
75%
253.7 948.7 長崎県 大村市
75%
247.9 952.3 鹿児島県 出水市
75%
256.0 958.9 長崎県 佐世保市
75%
253.0 961.8 長崎県 長崎市
75%
243.5 983.8 鹿児島県 南九州市
75%
251.0 19.0 東京都 稲城市
50%
242.2 39.1 神奈川県 愛川町
50%
236.8 67.3 神奈川県 山北町
50%
255.7 93.4 山梨県 鳴沢村
50%
255.1 174.1 長野県 天龍村
50%
256.0 186.8 長野県 売木村
50%
258.3 192.5 長野県 平谷村
50%
250.0 194.7 愛知県 東栄町
50%
258.4 243.4 愛知県 瀬戸市
50%
258.4 247.9 愛知県 尾張旭市
50%
254.6 254.6 愛知県 豊明市
50%
253.9 260.3 愛知県 大府市
50%
251.8 261.2 愛知県 高浜市
50%
258.4 268.1 愛知県 大治町
50%
257.6 272.1 愛知県 蟹江町
50%
256.5 299.9 三重県 菰野町
50%
245.4 310.3 三重県 玉城町
50%
244.5 313.6 三重県 度会町
50%
258.0 337.7 滋賀県 湖南市
50%
258.6 344.9 滋賀県 栗東市
50%
258.6 348.5 滋賀県 草津市
50%
249.1 351.7 奈良県 曽爾村
50%
255.0 371.3 京都府 精華町
50%
257.1 372.3 京都府 久御山町
50%
258.0 374.3 京都府 長岡京市
50%
252.3 382.1 奈良県 河合町
50%
251.6 382.2 奈良県 広陵町
50%
250.0 382.4 奈良県 高取町
50%
253.2 383.3 奈良県 平群町
50%
247.5 383.6 奈良県 黒滝村
50%
252.1 384.4 奈良県 上牧町
50%
252.8 384.8 奈良県 三郷町
50%
248.6 386.3 奈良県 下市町
50%
255.4 389.4 大阪府 門真市
50%
256.5 398.4 大阪府 豊中市
50%
251.9 420.1 大阪府 貝塚市
50%
257.6 453.5 兵庫県 播磨町
50%
247.3 453.5 和歌山県 広川町
50%
258.5 458.9 兵庫県 高砂市
50%
246.7 461.4 和歌山県 由良町
50%
251.2 502.3 徳島県 北島町
50%
251.0 513.4 徳島県 石井町
50%
251.8 537.6 徳島県 美馬市
50%
255.6 561.0 香川県 丸亀市
50%
258.7 572.5 岡山県 浅口市
50%
258.6 575.4 岡山県 里庄町
50%
247.7 591.5 高知県 芸西村
50%
250.8 599.8 高知県 本山町
50%
251.4 609.0 高知県 大川村
50%
258.4 609.6 広島県 尾道市
50%
249.3 622.6 高知県 いの町
50%
258.4 638.2 広島県 竹原市
50%
257.7 639.5 広島県 大崎上島町
50%
249.2 646.3 高知県 津野町
50%
258.3 671.0 広島県 呉市
50%
249.6 672.2 高知県 檮原町
50%
257.8 682.5 広島県 江田島市
50%
258.6 703.1 山口県 和木町
50%
258.2 704.3 山口県 岩国市
50%
256.2 714.2 山口県 周防大島町
50%
256.8 721.2 山口県 柳井市
50%
256.6 724.5 山口県 平生町
50%
255.6 725.0 山口県 上関町
50%
256.8 726.8 山口県 田布施町
50%
257.1 735.3 山口県 光市
50%
257.7 739.9 山口県 下松市
50%
258.1 744.3 山口県 周南市
50%
258.6 766.0 山口県 防府市
50%
254.4 767.9 大分県 国東市
50%
255.8 769.6 大分県 姫島村
50%
250.3 777.3 大分県 津久見市
50%
249.3 779.3 大分県 佐伯市
50%
250.8 779.8 大分県 臼杵市
50%
253.5 783.7 大分県 杵築市
50%
253.4 792.9 大分県 日出町
50%
255.0 793.1 大分県 豊後高田市
50%
258.4 797.1 山口県 宇部市
50%
252.9 799.9 大分県 別府市
50%
255.0 802.4 大分県 宇佐市
50%
250.4 805.2 大分県 豊後大野市
50%
252.2 809.9 大分県 由布市
50%
255.9 814.2 大分県 中津市
50%
247.3 817.5 宮崎県 延岡市
50%
256.1 818.9 福岡県 豊前市
50%
246.4 829.1 宮崎県 日向市
50%
253.7 829.4 大分県 玖珠町
50%
257.2 834.3 福岡県 みやこ町
50%
249.3 841.1 宮崎県 高千穂町
50%
245.5 843.2 宮崎県 都農町
50%
252.7 843.3 熊本県 小国町
50%
252.5 844.0 熊本県 南小国町
50%
256.4 844.5 福岡県 添田町
50%
247.1 844.9 宮崎県 美郷町
50%
251.4 846.0 熊本県 阿蘇市
50%
256.9 846.4 福岡県 田川市
50%
258.4 849.1 福岡県 中間市
50%
257.8 849.6 福岡県 直方市
50%
250.5 851.5 熊本県 高森町
50%
244.8 854.9 宮崎県 高鍋町
50%
257.8 855.8 福岡県 宮若市
50%
257.2 856.3 福岡県 飯塚市
50%
250.9 859.6 熊本県 南阿蘇村
50%
256.8 859.8 福岡県 桂川町
50%
255.0 861.5 福岡県 うきは市
50%
245.0 864.4 宮崎県 西都市
50%
258.6 864.4 福岡県 宗像市
50%
255.7 867.3 福岡県 朝倉市
50%
258.4 870.0 福岡県 福津市
50%
251.5 870.9 熊本県 大津町
50%
252.3 871.3 熊本県 菊池市
50%
256.1 871.4 福岡県 筑前町
50%
257.4 871.6 福岡県 篠栗町
50%
258.2 873.1 福岡県 古賀市
50%
243.7 874.0 宮崎県 宮崎市
50%
257.2 874.6 福岡県 須恵町
50%
251.5 875.1 熊本県 菊陽町
50%
256.6 875.7 福岡県 太宰府市
50%
256.4 876.4 福岡県 筑紫野市
50%
257.2 876.8 福岡県 志免町
50%
255.7 877.1 福岡県 小郡市
50%
251.8 877.4 熊本県 合志市
50%
246.5 878.3 宮崎県 西米良村
50%
256.9 878.8 福岡県 大野城市
50%
256.0 878.8 佐賀県 基山町
50%
251.1 879.3 熊本県 益城町
50%
252.9 880.3 熊本県 山鹿市
50%
254.5 883.9 福岡県 八女市
50%
256.7 885.1 福岡県 那珂川市
50%
251.4 888.1 熊本県 熊本市
50%
250.1 888.6 熊本県 美里町
50%
255.5 888.6 佐賀県 みやき町
50%
254.6 888.8 福岡県 筑後市
50%
247.3 890.2 熊本県 湯前町
50%
254.3 893.5 福岡県 みやま市
50%
255.6 893.7 佐賀県 吉野ヶ里町
50%
247.3 894.6 熊本県 多良木町
50%
252.6 894.8 熊本県 玉名市
50%
241.9 895.2 宮崎県 日南市
50%
255.5 896.4 佐賀県 神埼市
50%
250.5 897.1 熊本県 宇城市
50%
250.8 897.5 熊本県 宇土市
50%
254.5 899.1 福岡県 柳川市
50%
254.8 899.3 福岡県 大川市
50%
253.5 900.9 福岡県 大牟田市
50%
257.5 903.0 福岡県 糸島市
50%
253.3 903.9 熊本県 荒尾市
50%
245.6 905.6 宮崎県 小林市
50%
249.8 910.7 熊本県 八代市
50%
255.6 911.3 佐賀県 小城市
50%
247.5 912.3 熊本県 人吉市
50%
243.6 913.9 宮崎県 都城市
50%
241.6 915.5 宮崎県 串間市
50%
246.3 916.4 宮崎県 えびの市
50%
252.1 917.7 長崎県 島原市
50%
255.9 920.2 佐賀県 多久市
50%
250.7 921.6 熊本県 上天草市
50%
254.0 924.6 佐賀県 太良町
50%
242.1 925.0 鹿児島県 志布志市
50%
257.2 926.9 佐賀県 唐津市
50%
251.5 929.7 長崎県 南島原市
50%
248.8 930.0 熊本県 芦北町
50%
255.0 930.7 佐賀県 嬉野市
50%
255.5 931.5 佐賀県 武雄市
50%
252.8 931.5 長崎県 雲仙市
50%
247.0 932.2 鹿児島県 伊佐市
50%
257.5 934.4 佐賀県 玄海町
50%
242.1 935.4 鹿児島県 大崎町
50%
244.7 936.9 鹿児島県 霧島市
50%
256.2 941.2 佐賀県 伊万里市
50%
248.4 941.4 熊本県 水俣市
50%
253.2 942.7 長崎県 諫早市
50%
255.4 944.7 長崎県 波佐見町
50%
241.8 945.3 鹿児島県 肝付町
50%
254.7 946.7 長崎県 東彼杵町
50%
250.5 947.8 熊本県 天草市
50%
245.0 948.7 鹿児島県 姶良市
50%
242.3 950.7 鹿児島県 鹿屋市
50%
246.5 953.3 鹿児島県 さつま町
50%
257.0 953.6 長崎県 松浦市
50%
251.1 957.1 熊本県 苓北町
50%
253.5 961.1 長崎県 時津町
50%
244.4 961.9 鹿児島県 鹿児島市
50%
256.5 962.4 長崎県 佐々町
50%
257.4 966.3 長崎県 平戸市
50%
241.7 967.1 鹿児島県 南大隅町
50%
246.4 970.8 鹿児島県 薩摩川内市
50%
254.6 974.8 長崎県 西海市
50%
242.3 975.8 鹿児島県 指宿市
50%
245.9 978.8 鹿児島県 いちき串木野市
50%
238.3 979.9 鹿児島県 西之表市
50%
244.1 991.2 鹿児島県 南さつま市
50%
237.4 996.2 鹿児島県 中種子町
50%
243.4 1001.7 鹿児島県 枕崎市
50%
237.0 1008.6 鹿児島県 南種子町
50%
256.0 1022.6 長崎県 新上五島町
50%
237.7 1029.3 鹿児島県 屋久島町
50%
240.8 1032.8 鹿児島県 三島村
50%
254.7 1054.3 長崎県 五島市
50%
237.6 1127.6 鹿児島県 十島村
50%
255.9 815.1 福岡県 吉富町
25%
255.8 817.1 福岡県 上毛町
25%
256.6 823.8 福岡県 築上町
25%
246.6 824.7 宮崎県 門川町
25%
253.2 828.4 大分県 九重町
25%
251.5 835.9 熊本県 産山村
25%
248.7 837.5 宮崎県 日之影町
25%
257.1 841.8 福岡県 香春町
25%
256.7 843.1 福岡県 大任町
25%
256.7 847.0 福岡県 川崎町
25%
257.3 847.2 福岡県 福智町
25%
257.1 848.3 福岡県 糸田町
25%
247.8 849.0 宮崎県 諸塚村
25%
258.7 849.1 福岡県 水巻町
25%
245.1 849.5 宮崎県 川南町
25%
255.1 849.5 福岡県 東峰村
25%
258.3 851.3 福岡県 鞍手町
25%
258.7 851.7 福岡県 遠賀町
25%
249.4 851.9 宮崎県 五ヶ瀬町
25%
257.5 853.1 福岡県 小竹町
25%
245.1 855.4 宮崎県 木城町
25%
256.8 855.5 福岡県 嘉麻市
25%
244.5 859.4 宮崎県 新富町
25%
248.0 865.7 宮崎県 椎葉村
25%
251.2 869.9 熊本県 西原村
25%
255.4 872.1 福岡県 大刀洗町
25%
257.6 873.2 福岡県 久山町
25%
257.0 874.9 福岡県 宇美町
25%
257.4 876.1 福岡県 粕屋町
25%
244.5 877.2 宮崎県 国富町
25%
256.9 879.7 福岡県 春日市
25%
250.6 884.0 熊本県 御船町
25%
247.5 885.9 熊本県 水上村
25%
250.2 886.1 熊本県 甲佐町
25%
252.8 889.3 熊本県 和水町
25%
252.4 889.8 熊本県 玉東町
25%
253.5 891.3 熊本県 南関町
25%
255.5 891.3 佐賀県 上峰町
25%
248.5 896.9 熊本県 五木村
25%
247.3 899.0 熊本県 あさぎり町
25%
250.1 901.1 熊本県 氷川町
25%
252.8 904.6 熊本県 長洲町
25%
247.2 905.8 熊本県 錦町
25%
245.1 906.5 宮崎県 高原町
25%
247.5 907.6 熊本県 相良村
25%
243.5 908.1 宮崎県 三股町
25%
247.7 909.6 熊本県 山江村
25%
255.4 918.6 佐賀県 江北町
25%
243.4 921.1 鹿児島県 曽於市
25%
255.1 921.3 佐賀県 白石町
25%
255.4 922.5 佐賀県 大町町
25%
246.0 928.9 鹿児島県 湧水町
25%
248.5 937.7 熊本県 津奈木町
25%
242.0 940.6 鹿児島県 東串良町
25%
255.0 950.2 長崎県 川棚町
25%
243.4 956.2 鹿児島県 垂水市
25%
253.4 959.0 長崎県 長与町
25%
249.0 961.6 鹿児島県 長島町
25%
241.7 964.0 鹿児島県 錦江町
25%
247.8 969.6 鹿児島県 阿久根市
25%
245.1 972.5 鹿児島県 日置市
25%
257.2 1016.3 長崎県 小値賀町
25%
236.8 2029.6 沖縄県 与那国町
25%
No matching quizzes found
Score Distribution
Percent of People with Each Score
Percentile by Number Answered
Your Score History
You have not taken this quiz